00722nam a2200253 a 4500001001300000003000900013005001700022008004100039020001000080082001600090100003400106245001900140260002800159300000800187500003500195505001000230650002400240650002300264700003400287902000800321942000700329952011700336999001500453nice12345678IN_TiNIC20260116012647.0050524s0000 hyda grp 000 0 urd  ac10000a297.65bSHA aShattari, Syed Shaikhen Ahmed aDastoorul Amal aHyderabadbAuthorc0000 a16p aincludes index and biblioraphy2 aIndex aIslam-Organizations aOrganization-Islam1 aShattari, Syed Shaikhen Ahmed bSRS cBK 001040708StackRoom-aHMIbHMId2007-07-12g100.00l0o297.65 SHAp010291r2007-07-12v100.00w2005-05-24yBK c7851d7851